|
|
|
|
| LEADER |
00976cam a2200241 7i4500 |
| 001 |
0000003730 |
| 005 |
20210409090000.0 |
| 008 |
100615 eng |
| 020 |
|
|
|a 026203297X (hbk.)
|
| 090 |
0 |
0 |
|a QH438.4.M3
|b G74 2002
|
| 245 |
0 |
0 |
|a Gene regulation and metabolism :
|b postgenomic computational approaches
|c edited by Julio Collado-Vides and Ralf Hofestädt.
|
| 260 |
|
|
|a Cambridge, Mass.:
|b MIT Press,
|c 2002.
|
| 300 |
|
|
|a x, 310 p.:
|b ill.;
|c 24 cm.
|
| 490 |
0 |
|
|a Computational molecular biology
|
| 504 |
|
|
|a Includes bibliographical references and index
|
| 650 |
0 |
0 |
|a Molecular biology --
|x Mathematical models
|
| 650 |
0 |
0 |
|a Genetics --
|x Mathematical models
|
| 700 |
1 |
|
|a Hofestädt, Ralf
|
| 700 |
1 |
|
|a Collado-Vides, Julio
|
| 997 |
|
|
|a Engineering & Life Sciences, Faculty
|b Science & Biotechnology, Department
|
| 998 |
|
|
|a Bioinformatics, Degree
|
| 998 |
|
|
|a Biotechnology, Degree
|
| 999 |
|
|
|a 0000005707
|b BOK
|c OPEN SHELF
|e 2nd Floor, Bestari Jaya
|